Konštrukcia diagnózy chybného správania sa zložitých systémov

Guardado en:
Detalles Bibliográficos
Autor principal: Brček, Adam, 1989- (Autor)
Otros Autores: Kvasnička, Vladimír, 1941- (Orientador)
Formato: Manuscrito Libro
Lenguaje:eslovaco
Publicado: Bratislava : STU v Bratislave FIIT, 2010
Materias:
Acceso en línea:VAIS
Etiquetas: Agregar Etiqueta
Sin Etiquetas, Sea el primero en etiquetar este registro!

MARC

LEADER 00000ntm a22000003a 4500
001 stu218353
005 20150617230113.2
008 101203s2010----xo------------------slo-d
040 |a STU  |b slo 
041 0 |a slo 
044 |a xo 
100 1 |a Brček, Adam,  |d 1989-  |4 aut  |u I300  |U FIIT Fakulta informatiky a informačných technológií  |T FIIT Ústav aplikovanej informatiky  |X 47795  |U I300  |Y 180  |7 A000047795 
242 0 0 |a The construction of diagnosis of defective behavior of complex systems  |y eng 
245 1 |a Konštrukcia diagnózy chybného správania sa zložitých systémov 
260 |a Bratislava :  |b STU v Bratislave FIIT,  |c 2010 
300 |a 40 s 
650 7 |a informatika  |2 stusub 
650 7 |a Informatics  |2 estusub 
700 1 |a Kvasnička, Vladimír,  |d 1941-  |4 ths  |u I300  |U FIIT Fakulta informatiky a informačných technológií  |T FIIT Ústav aplikovanej informatiky  |X 1789  |U I300  |Y 180  |7 A000001789 
856 4 |a info a plný text  |u http://is.stuba.sk/zp/portal_zp.pl?podrobnosti=46449  |3 VAIS 
996 |c I*BAP24/10  |l II680  |s P  |a 0  |w stu218353_0001